Statistics for Girls of Mambo Number 5

Click here to take the quiz!

General Stats

  • This quiz has been taken 9,822 times
  • The average score is 5 of 7

Answer Stats

Answer % Correct
A little bit of {Monica} in my life
85%
A little bit of {Jessica} here I am
84%
A little bit of {Rita} is all I need
73%
A little bit of {Sandra} in the sun
73%
A little bit of {Mary} all night long
67%
A little bit of {Tina} is what I see
66%
A little bit of {Erica} by my side
64%

Score Distribution

Percentile by Number Answered

Percent of People with Each Score

Your Score History

You have not taken this quiz